The Americas Geography By Letter E - Picture Quiz - Statistics

General Stats
  • This quiz has been taken 704 times
  • The average score is 11 of 18
Answer Stats
Picture Hint Answer % Correct
(country) Ecuador
97%
(parallel) Equator
95%
(country) El Salvador
91%
Lake {Erie}
89%
(skyscraper) Empire State Building
88%
(national park) Everglades
87%
{Ellis} Island
81%
(gemstone) Columbian {Emerald}
73%
(animal) {Electric} Eel
64%
(city) Edmonton
54%
(theme park) Epcot
53%
(city) El Paso
52%
(island) Ellesmere
51%
{East} River
40%
(city) Ecatepec de Morelos
11%
(state) Espirito Santo
11%
(animal) {Emperor} Tamarin
8%
(pyramid) El Castillo
6%
No matching quizzes found
Score Distribution
Percent of People with Each Score
Percentile by Number Answered
Your Score History
You have not taken this quiz